000 00308nam a2200121Ia 4500
008 190722s9999 xx 000 0 und d
020 _a978-1-118-27380-7
100 _aMonica Wofford
245 0 _aMake Difficult People Disappear
260 _aCanada
_bJohn Wiley & Sons
_c2012
300 _a196
942 _cBK
999 _c518
_d518